<?xml version="1.0" encoding="UTF-8"?>
<record
    xmlns:xsi="http://www.w3.org/2001/XMLSchema-instance"
    xsi:schemaLocation="http://www.loc.gov/MARC21/slim http://www.loc.gov/standards/marcxml/schema/MARC21slim.xsd"
    xmlns="http://www.loc.gov/MARC21/slim">

  <leader>00729nam a22001577a 4500</leader>
  <controlfield tag="003">OSt</controlfield>
  <controlfield tag="005">20151116090529.0</controlfield>
  <controlfield tag="008">151116b        xxu||||| |||| 00| 0 eng d</controlfield>
  <datafield tag="040" ind1=" " ind2=" ">
    <subfield code="c">RUA</subfield>
  </datafield>
  <datafield tag="082" ind1=" " ind2=" ">
    <subfield code="a">FOR BY 2008 B136 Or.1</subfield>
  </datafield>
  <datafield tag="100" ind1=" " ind2=" ">
    <subfield code="9">3694</subfield>
    <subfield code="a">BY, VEASNA.</subfield>
  </datafield>
  <datafield tag="245" ind1=" " ind2=" ">
    <subfield code="a">study about the management plan of sre ombel forestry administration divison, kohkong forestry cantonment (&#x1780;&#x17B6;&#x179A;&#x179F;&#x17B7;&#x1780;&#x17D2;&#x179F;&#x17B6;&#x1796;&#x17B8;&#x1795;&#x17C2;&#x1793;&#x1780;&#x17B6;&#x179A;&#x1782;&#x17D2;&#x179A;&#x1794;&#x17CB;&#x1782;&#x17D2;&#x179A;&#x1784;&#x1796;&#x17D2;&#x179A;&#x17C3;&#x1788;&#x17BE;&#x179A;&#x1794;&#x179F;&#x17CB;&#x1795;&#x17D2;&#x1793;&#x17C2;&#x1780;&#x179A;&#x178A;&#x17D2;&#x178B;&#x1794;&#x17B6;&#x179B;&#x1796;&#x17D2;&#x179A;&#x17C3;&#x1788;&#x17BE;&#x179F;&#x17D2;&#x179A;&#x17C2;&#x17A2;&#x17C6;&#x1794;&#x17B7;&#x179B; &#x1781;&#x178E;&#x17D2;&#x178C;&#x179A;&#x178A;&#x17D2;&#x178B;&#x1794;&#x17B6;&#x179B;&#x1796;&#x17D2;&#x179A;&#x17C3;&#x1788;&#x17BE;&#x1780;&#x17C4;&#x17C7;&#x1780;&#x17BB;&#x1784;)</subfield>
  </datafield>
  <datafield tag="260" ind1=" " ind2=" ">
    <subfield code="a">Phnom Penh</subfield>
    <subfield code="b">RUA</subfield>
    <subfield code="c">2008</subfield>
  </datafield>
  <datafield tag="300" ind1=" " ind2=" ">
    <subfield code="a">xii, 61p.</subfield>
    <subfield code="b">ill.</subfield>
    <subfield code="c">29cm.</subfield>
  </datafield>
  <datafield tag="942" ind1=" " ind2=" ">
    <subfield code="2">ddc</subfield>
    <subfield code="c">FOR</subfield>
  </datafield>
  <datafield tag="999" ind1=" " ind2=" ">
    <subfield code="c">3442</subfield>
    <subfield code="d">3442</subfield>
  </datafield>
  <datafield tag="952" ind1=" " ind2=" ">
    <subfield code="0">0</subfield>
    <subfield code="1">0</subfield>
    <subfield code="2">ddc</subfield>
    <subfield code="4">0</subfield>
    <subfield code="6">FOR_BY_2008_000000000000000_B136_OR_1</subfield>
    <subfield code="7">0</subfield>
    <subfield code="9">16433</subfield>
    <subfield code="a">LBB</subfield>
    <subfield code="b">LBB</subfield>
    <subfield code="c">B136</subfield>
    <subfield code="d">2015-11-16</subfield>
    <subfield code="o">FOR BY 2008 B136 Or.1</subfield>
    <subfield code="p">RUA028494</subfield>
    <subfield code="r">2015-11-16</subfield>
    <subfield code="w">2015-11-16</subfield>
    <subfield code="y">FOR</subfield>
  </datafield>
  <datafield tag="952" ind1=" " ind2=" ">
    <subfield code="0">0</subfield>
    <subfield code="1">0</subfield>
    <subfield code="2">ddc</subfield>
    <subfield code="4">0</subfield>
    <subfield code="6">FOR_BY_2008_000000000000000_B136_OR_2</subfield>
    <subfield code="7">0</subfield>
    <subfield code="9">16434</subfield>
    <subfield code="a">LBB</subfield>
    <subfield code="b">LBB</subfield>
    <subfield code="c">B136</subfield>
    <subfield code="d">2015-11-16</subfield>
    <subfield code="o">FOR BY 2008 B136 Or.2</subfield>
    <subfield code="p">RUA028422</subfield>
    <subfield code="r">2015-11-16</subfield>
    <subfield code="w">2015-11-16</subfield>
    <subfield code="y">FOR</subfield>
  </datafield>
  <datafield tag="952" ind1=" " ind2=" ">
    <subfield code="0">0</subfield>
    <subfield code="1">0</subfield>
    <subfield code="2">ddc</subfield>
    <subfield code="4">0</subfield>
    <subfield code="6">FOR_BY_2008_000000000000000_B136_OR_3</subfield>
    <subfield code="7">0</subfield>
    <subfield code="9">16435</subfield>
    <subfield code="a">LBB</subfield>
    <subfield code="b">LBB</subfield>
    <subfield code="c">B136</subfield>
    <subfield code="d">2015-11-16</subfield>
    <subfield code="o">FOR BY 2008 B136 Or.3</subfield>
    <subfield code="p">RUA028065</subfield>
    <subfield code="r">2015-11-16</subfield>
    <subfield code="w">2015-11-16</subfield>
    <subfield code="y">FOR</subfield>
  </datafield>
  <datafield tag="952" ind1=" " ind2=" ">
    <subfield code="0">0</subfield>
    <subfield code="1">0</subfield>
    <subfield code="2">ddc</subfield>
    <subfield code="4">0</subfield>
    <subfield code="6">FOR_BY_2008_000000000000000_B136_OR_4</subfield>
    <subfield code="7">0</subfield>
    <subfield code="9">16436</subfield>
    <subfield code="a">LBB</subfield>
    <subfield code="b">LBB</subfield>
    <subfield code="c">B136</subfield>
    <subfield code="d">2015-11-16</subfield>
    <subfield code="o">FOR BY 2008 B136 Or.4</subfield>
    <subfield code="p">RUA002879</subfield>
    <subfield code="r">2015-11-16</subfield>
    <subfield code="w">2015-11-16</subfield>
    <subfield code="y">FOR</subfield>
  </datafield>
  <datafield tag="952" ind1=" " ind2=" ">
    <subfield code="0">0</subfield>
    <subfield code="1">0</subfield>
    <subfield code="2">ddc</subfield>
    <subfield code="4">0</subfield>
    <subfield code="6">FOR_BY_2008_000000000000000_B136_OR_5</subfield>
    <subfield code="7">0</subfield>
    <subfield code="9">16437</subfield>
    <subfield code="a">LBB</subfield>
    <subfield code="b">LBB</subfield>
    <subfield code="c">B136</subfield>
    <subfield code="d">2015-11-16</subfield>
    <subfield code="o">FOR BY 2008 B136 Or.5</subfield>
    <subfield code="p">RUA027189</subfield>
    <subfield code="r">2015-11-16</subfield>
    <subfield code="w">2015-11-16</subfield>
    <subfield code="y">FOR</subfield>
  </datafield>
  <datafield tag="952" ind1=" " ind2=" ">
    <subfield code="0">0</subfield>
    <subfield code="1">0</subfield>
    <subfield code="2">ddc</subfield>
    <subfield code="4">0</subfield>
    <subfield code="6">FOR_BY_2008_000000000000000_B136_OR_6</subfield>
    <subfield code="7">0</subfield>
    <subfield code="9">16438</subfield>
    <subfield code="a">LBB</subfield>
    <subfield code="b">LBB</subfield>
    <subfield code="c">B136</subfield>
    <subfield code="d">2015-11-16</subfield>
    <subfield code="o">FOR BY 2008 B136 Or.6</subfield>
    <subfield code="p">RUA027170</subfield>
    <subfield code="r">2015-11-16</subfield>
    <subfield code="w">2015-11-16</subfield>
    <subfield code="y">FOR</subfield>
  </datafield>
  <datafield tag="952" ind1=" " ind2=" ">
    <subfield code="0">0</subfield>
    <subfield code="1">0</subfield>
    <subfield code="2">ddc</subfield>
    <subfield code="4">0</subfield>
    <subfield code="6">FOR_BY_2008_000000000000000_B136_OR_7</subfield>
    <subfield code="7">0</subfield>
    <subfield code="9">16439</subfield>
    <subfield code="a">LBB</subfield>
    <subfield code="b">LBB</subfield>
    <subfield code="c">B136</subfield>
    <subfield code="d">2015-11-16</subfield>
    <subfield code="o">FOR BY 2008 B136 Or.7</subfield>
    <subfield code="p">RUA027313</subfield>
    <subfield code="r">2015-11-16</subfield>
    <subfield code="w">2015-11-16</subfield>
    <subfield code="y">FOR</subfield>
  </datafield>
</record>
